|
|
|
|
| LEADER |
00000nam0a2200000 4500 |
| 001 |
134503 |
| 005 |
20240914063123.0 |
| 020 |
|
|
|a RU
|b 90-33782
|
| 035 |
|
|
|a (RuTPU)RU\TPU\book\145803
|
| 035 |
|
|
|a RU\TPU\book\145801
|
| 090 |
|
|
|a 134503
|
| 100 |
|
|
|a 20080331g1990 m y0rusy5003 ca
|
| 101 |
0 |
|
|a rus
|
| 102 |
|
|
|a RU
|
| 105 |
|
|
|a a z 000ay
|
| 200 |
1 |
|
|a Сочинения
|e В 4 т.
|h Т. 2
|i Пушкин в жизни. Систематический свод подлинных свидетельств современников
|f В. В. Вересаев
|g под ред. Ю. У. Фохт-Бабушкина
|
| 210 |
|
|
|a Москва
|c Правда
|d 1990
|
| 215 |
|
|
|d 21 см
|a 560 с.
|
| 225 |
1 |
|
|a Библиотека "Огонек"
|
| 600 |
|
1 |
|a Пушкин
|b А. С.
|c российский поэт
|c писатель
|f 1799-1837
|g Александр Сергеевич
|7 ca
|8 rus
|2 stltpush
|3 (RuTPU)RU\TPU\pers\1026
|9 453
|
| 610 |
1 |
|
|a советская литература
|
| 610 |
1 |
|
|a повести
|
| 610 |
1 |
|
|a романы
|
| 675 |
|
|
|a Р2
|z rus
|
| 700 |
|
1 |
|a Вересаев
|b В. В.
|c русский писатель
|f 1867-1945
|g Викентий Викентьевич
|2 stltpush
|3 (RuTPU)RU\TPU\pers\37670
|
| 702 |
|
1 |
|a Фохт-Бабушкин
|b Ю. У.
|g Юрий Ульрихович
|4 340
|
| 801 |
|
0 |
|a RU
|b RuMRKP
|c 19950417
|g psbo
|
| 801 |
|
1 |
|a RU
|b 63413507
|c 20080331
|g PSBO
|
| 801 |
|
2 |
|a RU
|b 63413507
|c 20161219
|g PSBO
|
| 942 |
|
|
|c BK
|